Archivmaterialien zu Hans Henny Jahnn, 1894-1959

Gespeichert in:  
Bibliographische Detailangaben
1. VerfasserIn: Jahnn, Hans Henny 1894-1959 (Verfasst von)
Medienart: Elektronisch Archivmaterial
Sprache:Deutsch
In:Jahr: 2019
Online-Zugang: Archivdatenbank (Archivportal-D)
Archivdatenbank (Kalliope Verbundkatalog)
Verfügbarkeit prüfen: HBZ Gateway

MARC

LEADER 00000npc a22000002 4500
001 LR118556673
003 PipeLineGenerated
005 20260508112529.0
008 190606s2019 xx ||||| 00| ||ger c
100 |a Jahnn, Hans Henny  |0 (DE-588)118556673  |0 (DE-627)136352669  |d 1894-1959 
245 |a Archivmaterialien zu Hans Henny Jahnn, 1894-1959 
856 |u https://kalliope-verbund.info/gnd/118556673  |3 Archivdatenbank (Kalliope Verbundkatalog) 
856 |u https://www.archivportal-d.de/person/gnd/118556673  |3 Archivdatenbank (Archivportal-D) 
ELC |a 1